[Event "ITA-chT 38th"]
[Site "Porto San Giorgio"]
[Date "2006.04.21"]
[Round "2.3"]
[White "Mariano, Elia"]
[Black "Manca, Federico"]
[Result "1/2-1/2"]
[WhiteElo "2191"]
[BlackElo "2417"]
[PlyCount "132"]
[EventDate "2006.04.21"]
[EventType "team-swiss"]
[EventRounds "5"]
[EventCountry "ITA"]
[SourceTitle "EXT 2022"]
[Source "ChessBase"]
[SourceDate "2021.10.06"]
[SourceVersion "1"]
[SourceVersionDate "2021.10.06"]
[SourceQuality "1"]
[WhiteTeam "Ivrea Eporediense"]
[BlackTeam "Marostica"]
[WhiteTeamCountry "ITA"]
[BlackTeamCountry "ITA"]

1. d4 d5 2. c4 e6 3. Nc3 c5 4. cxd5 exd5 5. Nf3 Nc6 6. g3 Nf6 7. Bg2 Be7 8. 0-0 0-0 9. Bg5 cxd4 10. Nxd4 h6 11. Bf4 Bg4 12. h3 Bh5 13. Nf5 Bg6 14. Nxe7+ Qxe7 15. Nxd5 Nxd5 16. Qxd5 Rad8 17. Qc4 Nd4 18. e4 b5 19. Qc7 Rd7 20. Qe5 Ne2+ 21. Kh2 Qxe5 22. Bxe5 Re8 23. Rae1 Rd2 24. f4 f6 25. Rf2 fxe5 26. Rexe2 Rxe2 27. Rxe2 Kf8 28. fxe5 Rxe5 29. Rc2 a5 30. g4 Bf7 31. a3 b4 32. Rc8+ Ke7 33. Kg3 g5 34. Rc7+ Kf6 35. Kf3 bxa3 36. bxa3 h5 37. Bf1 hxg4+ 38. hxg4 Re7 39. Rc6+ Re6 40. Rc5 Re5 41. Rc7 Re7 42. Rxe7 Kxe7 43. Ke3 Be6 44. Be2 Bd7 45. Kd4 Kd6 46. Bd3 a4 47. e5+ Ke7 48. Be2 Kf7 49. Kd5 Ke7 50. Bd1 Be6+ 51. Kc5 Bd7 52. Kb4 Bc6 53. Kc5 Bd7 54. Kb4 Bc6 55. Bxa4 Bf3 56. Kc5 Bxg4 57. Bc6 Bd1 58. a4 g4 59. a5 Bf3 60. a6 Bxc6 61. Kxc6 g3 62. a7 g2 63. a8Q g1Q 64. Qb7+ Ke6 65. Qd7+ Kxe5 66. Qd5+ Kf6 1/2-1/2